New approaches to studying the role of religion in Latin America /
Đã lưu trong:
| Tác giả chính: | |
|---|---|
| Định dạng: | Texto |
| Những chủ đề: | |
| Các nhãn: |
Thêm thẻ
Không có thẻ, Là người đầu tiên thẻ bản ghi này!
|
MARC
| LEADER | 00000 a a2200000 04500 | ||
|---|---|---|---|
| 001 | 42922 | ||
| 003 | |||
| 040 | |||
| 100 | |a Stewart - Gambino, Hannah W | ||
| 245 | |a New approaches to studying the role of religion in Latin America / |c Hannah W. Stewart-Gambino | ||
| 650 | |a RELIGION | ||
| 650 | |a IGLESIA CATOLICA | ||
| 650 | |a CATOLICISMO | ||
| 773 | |g volumen 24, número 3; páginas 187-199 | ||
| 999 | |c 32880 |d 32880 | ||
